000 00470nam a2200181Ia 4500
008 240510s9999 xx 000 0 und d
020 _a0000907876099
041 _aEng
082 _a005.3
082 _bNS
245 0 _aInto view : an introduction to word processing on the BBC microcomputer
260 _bInformation transfer Ltd. England
260 _c0
300 _a75 p.
650 _aWord processing : BBC microcomptuers
942 _2ddc
942 _cLBK
999 _c26288
_d26288
945 _a1
_bMadushi Gamage
_c1
_dMadushi Gamage